Dohody o ekonomickém partnerství: Cesta k rozpadu bloku zemí Afriky, Karibiku a Tichomoří?

Súčasné vzťahy medzi Európskou úniou a krajinami Afriky, Karibiku a Tichomoria určované tzv. Dohodami o ekonomickom partnerstve (Economic partnership agreements EPA). Dohoda z Cotonou na obdobie rokov 2000 - 2020. Kritika Dohody o ekonomickom partnerstve zo strany nevládnych organizácií. Revízia Doh...

Descrizione completa

Salvato in:
Dettagli Bibliografici
Autore principale: Badík, Roman
Natura: Capitolo di libro
Lingua:ceco
Soggetti:
Tags: Aggiungi Tag
Nessun Tag, puoi essere il primo ad aggiungerne!!

MARC

LEADER 00000naa$a2200000$$$4500
001 0061007
005 20231016092852.3
041 0 |a cze 
044 |a CZ 
245 1 0 |a Dohody o ekonomickém partnerství: Cesta k rozpadu bloku zemí Afriky, Karibiku a Tichomoří?  |c Roman Badík 
520 |a Súčasné vzťahy medzi Európskou úniou a krajinami Afriky, Karibiku a Tichomoria určované tzv. Dohodami o ekonomickom partnerstve (Economic partnership agreements EPA). Dohoda z Cotonou na obdobie rokov 2000 - 2020. Kritika Dohody o ekonomickom partnerstve zo strany nevládnych organizácií. Revízia Dohody z Cotonou a neustávajúca kritika. 
610 2 0 |a vzťahy medzinárodné 
610 2 0 |a politika zahraničná 
610 2 0 |a spolupráca hospodárska medzinárodná 
610 2 0 |a pomoc hospodárska 
610 2 0 |a pomoc medzinárodná 
610 2 0 |a krajiny rozvojové 
610 2 0 |a krajiny vyspelé 
610 2 0 |a regióny 
610 2 0 |a dohody medzinárodné 
610 2 0 |a Európska únia 
610 2 0 |a Afrika 
610 2 0 |a Karibská oblasť 
610 2 0 |a Tichomorie 
100 1 |a Badík, Roman